000 00713cam a22002413a 4500
001 18808
003 PGUSA
005 20140828083411.0
008 060711s2006||||xxu|||||s|||||000 | eng d
040 _aPGUSA
_beng
042 _adc
050 4 _aDS
100 1 _aKrohn, Julius,
_d1835-1888
245 1 0 _aYrjö Aukusti Wallin ja hänen matkansa Arabiassa
_h[electronic resource] /
_cJulius Krohn
260 _bProject Gutenberg,
_c2006
506 _aPublic domain in the USA.
516 _aElectronic text
653 _aWallin, Georg August
653 _aArabian Peninsula -- Description and travel
830 0 _aProject Gutenberg
_v18808
856 4 0 _uhttp://www.gutenberg.org/ebooks/18808
942 _cEB
999 _c248063
_d248063